Mobile corporation : ushering the wireless advantage (Record no. 187433)

MARC details
000 -LEADER
fixed length control field 00466nam a2200157Ia 4500
005 - DATE AND TIME OF LATEST TRANSACTION
control field 20250417093354.0
008 - FIXED-LENGTH DATA ELEMENTS--GENERAL INFORMATION
fixed length control field 231217s9999 xx 000 0 und d
020 ## - INTERNATIONAL STANDARD BOOK NUMBER
International Standard Book Number 9788131403006
082 ## - DEWEY DECIMAL CLASSIFICATION NUMBER
Classification number 338.888 JAY;1 R
100 ## - MAIN ENTRY--PERSONAL NAME
Personal name Jaya Krishna, S. Svudu, Anil Kumar ed.
245 #0 - TITLE STATEMENT
Title Mobile corporation : ushering the wireless advantage
260 ## - PUBLICATION, DISTRIBUTION, ETC. (IMPRINT)
Date of publication, distribution, etc. 2006
Name of publisher, distributor, etc. Icfai
Place of publication, distribution, etc. Hyderabad
300 ## - PHYSICAL DESCRIPTION
Extent xiv, 396
650 ## - SUBJECT ADDED ENTRY--TOPICAL TERM
Topical term or geographic name as entry element corporation,ushering,wireless,advantage
942 ## - ADDED ENTRY ELEMENTS (KOHA)
Koha item type Books
Holdings
Date last seen Total Checkouts Full call number Accession number Old discount Cost, replacement price Price effective from Category Public note Lost status Damaged status Department Withdrawn status bill no. bill date Permanent Location Current Location Shelving location Entry date Vendor Cost, normal purchase price Grants Currency symbol Conversion rate Discount Discount type
26/01/2024   338.888 JAY;1 R 64066   38.00 26/01/2024 Books 64066     Central Library   1993 25/02/2014 Central Library Central Library Central Library 26/10/2010 ICFAI Press 38.00 MBA RS 1   Rupees
26/01/2024   338.888 JAY;2 R1 64067   38.00 26/01/2024 Books 64067     Central Library   1993 25/02/2014 Central Library Central Library Central Library 26/10/2010 ICFAI Press 38.00 MBA RS 1   Rupees
26/01/2024   338.888 JAY;3 72820   38.00 26/01/2024 Books 72820     Central Library   1993 03/12/2015 Central Library Central Library Central Library 23/02/2011 ICFAI Press 38.00 MBA RS 1   Rupees
26/01/2024   338.888 JAY;4 72821   38.00 26/01/2024 Books 72821     Central Library   1993 03/12/2015 Central Library Central Library Central Library 23/02/2011 ICFAI Press 38.00 MBA RS 1   Rupees

© For any Suggestions or Query, please contact the library staff @ librarian@pes.edu or Phone: +9180 2672 1983/ 2108.